000 00560nam a2200205 a 4500
001 12699
003 BDJhCC
005 20230508165336.0
008 230508r20211973enk 000 1 eng d
020 _a9788172234935
040 _cBDJhCC
082 _a813.52
_220
_bSHE 2020
100 1 _aSheldon, Sidney.
245 1 4 _aThe other side of midnight /
_cSidney Sheldon
260 _aLondon :
_bHarper Collins,
_c2020.
300 _a440 p. ;
_c23 cm
650 _aDetective sotries
942 _2ddc
_cBK
999 _c12699
_d12699